01199nam a22003011a 450000100060000000300080000600500170001400800410003103500120007203500190008404000360010304100080013908200250014710000410017224502000021326000370041330000270045050400400047765000180051765100330053565100420056865100320061065100420064265100420068494200120072699900170073895201420075577112BD-RjUL20211209082928.0200225s1909 enk b 000 0 eng d aTRA-104 a(BD-RjUL)77336 aResPcResPdUkOxUdBD-RjULbeng aeng 223a932.01bBEE 19091 aBevan, J. O.q(James Oliver)923979210aEgypt and the Egyptians :btheir history, antiquities, language, religion, and influence over Palestine and neighbouring countries /cby the Rev. J.O. Bevan ; with preface by Sir George H. Darwin aLondon :bG. Allen & Sons,c1909 axxii, 324 p. ;c19 cm. aIncludes bibliographical references aEgypt9239793 0aEgyptxIn the Bible.9239794 0aEgyptxDescription and travel9239795 0aEgyptxCivilization9239796 0aEgyptxRelationszMiddle East9239797 0aMiddle EastxRelationszEgypt9239798 2ddccBK c77112d77112 00102ddc40718NFICaRUCLbRUCLcReadingd1966-10-05eA.I. Quraishig3.00l0o932.01 BEE 1909r2020-02-25 00:00:00tC-1w2020-02-25yBK